Kultúrne centrum pod hradbami Skalica
Enregistré dans:
| Auteur principal: | |
|---|---|
| Autres auteurs: | |
| Format: | Manuscrit Livre |
| Langue: | slovaque |
| Publié: |
2025
|
| Sujets: | |
| Accès en ligne: | http://is.stuba.sk/zp/portal_zp.pl?podrobnosti=168232 |
| Tags: |
Pas de tags, Soyez le premier à ajouter un tag!
|
MARC
| LEADER | 00000ntm a22000003a 4500 | ||
|---|---|---|---|
| 001 | stuzp104636 | ||
| 003 | SK-STU | ||
| 005 | 20250801111448.0 | ||
| 007 | ta | ||
| 008 | 150427s2015----xo-----f-mn---000-0-slo-d | ||
| 040 | |a STU |b slo | ||
| 041 | 0 | |a slo | |
| 100 | 1 | |a Marenčák, Štefan |u 058180 |4 aut |U FAD Fakulta architektúry a dizajnu |T FAD Ústav architektúry občianskych budov |X 115565 |U A8180 |Y 399 |7 115565 | |
| 242 | 0 | 1 | |a Under the walls, Skalica |y eng |
| 245 | 1 | 0 | |a Kultúrne centrum pod hradbami Skalica |
| 260 | |c 2025 | ||
| 650 | 4 | |a urban line |2 eng | |
| 650 | 4 | |a historical city walls |2 eng | |
| 650 | 4 | |a cultural centre |2 eng | |
| 650 | 4 | |a kultúrne centrum |2 slo | |
| 650 | 4 | |a urbanistická línia |2 slo | |
| 650 | 4 | |a historické hradby |2 slo | |
| 700 | 1 | |a Šimkovič, Vladimír |4 ths |X 394 |7 A000000394 | |
| 856 | 4 | |u http://is.stuba.sk/zp/portal_zp.pl?podrobnosti=168232 | |